Kluby piłkarskie prowincji Stambułu - nagła śmierć - Statystyki

Ogólne statystyki
  • Ten quiz został rozwiązany 26 razy
    2 od ostatniego zresetowania
  • Średni wynik to 5 z 15
Answers on the Grid
Answers color-coded by a green-red scale on the quiz's grid according to % correct below.
Yeni Malatyaspor
Beyoglu Yeni Carsi FK
68 Aksarayspor
Galatasaray SK
Kayserispor
Arnavutkoy Bl.
Göztepe
Fenerbahce
Beykoz Anadolu
Serik Belediyespor
Sarıyer GK
Pendikspor
Kasımpaşa SK
Hatayspor
Esenler Erokspor
Ümraniyespor
Sakaryaspor
Istanbulspor
Fatih Karagümrük
Kocaelispor
Besiktas JK
Basaksehir FK
Genclerbirligi
Eyüpspor
 
Statystyki odpowiedzi
Odpowiedź % Poprawnych
Fenerbahce
100%
Galatasaray SK
100%
Istanbulspor
100%
Basaksehir FK
50%
Besiktas JK
50%
Pendikspor
50%
Arnavutkoy Bl.
0%
Beykoz Anadolu
0%
Beyoglu Yeni Carsi FK
0%
Esenler Erokspor
0%
Eyüpspor
0%
Fatih Karagümrük
0%
Kasımpaşa SK
0%
Sarıyer GK
0%
Ümraniyespor
0%
Nie znaleziono quizów pasujących do podanych kryteriów
Rozkład punktacji
Procent ludzi z każdym wynikiem
Percentyl według liczby udzielonych odpowiedzi
Twoja historia wyników
Nie rozwiązałeś tego quizu od ostatniego zresetowania